000 00441nam a2200169Ia 4500
003 SISC
005 20170118161741.0
008 140321s9999 xx 000 0 und d
020 _a9781121488069
050 _aHB 172
_b.M478 2012
245 _aMicroeconomics /
260 _aPhilippines :
_bMcGraw-Hill,
_c2012.
300 _a200 pages. :
_billustrations ;
_c26 cm.
650 _aMicroeconomics.
942 _kFOR
_cBK
_2lcc
999 _c48330
_d48330